| 000 | 00790nam a2200217 i 4500 | ||
|---|---|---|---|
| 001 | 165612 | ||
| 003 | ES-MaACL | ||
| 005 | 20260217063017.0 | ||
| 008 | 981125s1895 fr a |||| | fre d | ||
| 040 |
_aCCPB | B _bspa _cCCPB | B |
||
| 100 | 1 |
_aSoubies, Albert, _d1846-1918 _9132849 |
|
| 245 | 1 | 0 |
_aHistoire de la musique allemande / _cPar Albert Soubies. |
| 260 |
_aParis : _bLibrairies-Imprimeries Réunies, _c[s.a.] |
||
| 300 |
_a296 p. : _bil. ; _c28 cm. |
||
| 490 | 1 | _aBibliothèque de l'Enseignement des Beaux-Arts | |
| 596 | _aFecha de la conclusión, pag. 293, 1895. | ||
| 650 | 7 |
_aMúsica alemana _2 _9136566 |
|
| 830 | 0 |
_aBibliothèque de l'Enseignement des Beaux-Arts _9181140 |
|
| 852 |
_aES-MaACL _jB-2532 _z-- Enc. editorial en tela |
||
| 999 |
_c165612 _d165612 |
||